Corda tesa /
Gespeichert in:
| Weitere Verfasser: | , , , |
|---|---|
| Format: | |
| Sprache: | Italienisch Englisch Französisch |
| Veröffentlicht: |
Novara :
Ist. geografico De Agostini,
c2005
|
| Schriftenreihe: | Clint Eastwood ;
21 |
| Tags: |
Keine Tags, Fügen Sie das erste Tag hinzu!
|
MARC
| LEADER | 00000ngm a22000007i 4500 | ||
|---|---|---|---|
| 001 | IT\ICCU\MOD\0976385 | ||
| 003 | ItRI | ||
| 005 | 20260124182906.0 | ||
| 008 | 051128s2005 it |||||||||||||||k|||||c | ||
| 040 | |b ita | ||
| 041 | 7 | |a ita |a eng |a fre |2 ISO-639-2 | |
| 130 | 0 | |a Tightrope <film ; 1984> |3 IT\ICCU\MOD\0884941 | |
| 245 | 0 | 0 | |a Corda tesa / |c written and directed by Richard Tuggle ; music by Lennie Niehaus. |
| 246 | 1 | 3 | |a Corda tesa <risorsa elettronica> |9 IT\ICCU\MOD\0976388 |
| 260 | |a Novara : |b Ist. geografico De Agostini, |c c2005 | ||
| 300 | |a 1 DVD (ca. 110 min.) : |b color., sonoro ; |c in contenitore, 19 cm | ||
| 500 | |a Codice area: 2; formato video: 1.85:1, 16:9 | ||
| 500 | |a Tit. del contenitore | ||
| 500 | |a Ripr. del film del 1984, prod. USA; interpreti: Clint Eastwood, Genevieve Bujold | ||
| 500 | |a Lingue: italiano, inglese, francese; sottotitoli: italiano, inglese, francese, tedesco, spagnolo, arabo, rumeno, olandese, italiano e inglese per non udenti | ||
| 500 | |a Contenuti speciali: trailer cinematografico. | ||
| 700 | 1 | |a Eastwood, Clint |0 IT\ICCU\RAVV\089533 | |
| 700 | 1 | |a Niehaus, Lennie |0 IT\ICCU\RAVV\091110 | |
| 700 | 1 | |a Tuggle, Richard |0 IT\ICCU\RAVV\247744 | |
| 700 | 1 | |a Bujold, Geneviève |0 IT\ICCU\UBOV\490457 | |
| 830 | 0 | |a Clint Eastwood ; |v 21 |0 IT\ICCU\MOD\0911736 | |
| 942 | |2 ddc |c VM |n 0 | ||
| 952 | |0 0 |1 0 |4 0 |6 VO_1086_000000000000000 |7 0 |9 27670 |a BO |b BO |d 2026-01-24 |i 8735 |l 0 |o VO 1086 |p BO8735 |r 2026-01-24 18:29:06 |w 2026-01-24 |x [Sebina 5] [1 dvd] |y VM |z 1 dvd | ||
| 999 | |c 23453 |d 23453 | ||